00489nam a2200169Ia 4500008004100000082001700041100001200058245002200070250000800092260003700100300001200137500002400149650001500173942000700188952010700195999001700302230524s9999 xx 000 0 und d a6621.38bRAI aH.M.Rai 0aPower Electronics a1ST aNEW DELHIbSatya Prakashanc2001 aXII;335 aQuantity Number: 1 aElectrical cBK 00104070aTATCLbTATCLcGENd2023-05-24l0o6621.38 RAIp16737r2023-05-24w2023-05-24yBKzCPEC5203 c37077d37077